Αποξηραίνω και συντηρώ : μόνος μου φρούτα, λαχανικά, βότανα καρποί και μανιτάρια
Αποθηκεύτηκε σε:
| Κύριος συγγραφέας: | |
|---|---|
| Άλλοι συγγραφείς: | , |
| Μορφή: | Βιβλίο |
| Γλώσσα: | Greek |
| Δημοσίευση: |
[Αθήνα] :
Δημοσιογραφικός οργανισμός Λαμπράκη Α.Ε.,
c2012.
|
| Θέματα: | |
| Ετικέτες: |
Προσθήκη ετικέτας
Δεν υπάρχουν, Καταχωρήστε ετικέτα πρώτοι!
|
MARC
| LEADER | 00000cam a2200000 a 4500 | ||
|---|---|---|---|
| 001 | 1/115500 | ||
| 008 | 171123t2012####gr | ||| |||| ||gre|| | ||
| 020 | |a 9789605031527 | ||
| 040 | |a GR-MyUa |b gre |c GR-MyUa |e AACR2 | ||
| 041 | 1 | |a gre | |
| 082 | 7 | |a 641.4 |2 (23) | |
| 100 | 1 | |a Samwald, Achim. | |
| 245 | 1 | 0 | |a Αποξηραίνω και συντηρώ : |b μόνος μου φρούτα, λαχανικά, βότανα καρποί και μανιτάρια / |c Ακίμ Ζάμβαλντ ; επιμέλεια έκδοσης Ελένη Κεχαγιόγλου ; μετάφραση Νίκος Δεληβοριάς. |
| 260 | |a [Αθήνα] : |b Δημοσιογραφικός οργανισμός Λαμπράκη Α.Ε., |c c2012. | ||
| 300 | |a 126 σ. ; |c 21 εκ. | ||
| 500 | |a Ειδική έκδοση για την εφημερίδα ΤΟ ΒΗΜΑ. | ||
| 650 | 0 | |a Food |x Preservation. | |
| 650 | 0 | |a Vegetables |x Drying. | |
| 650 | 0 | |a Vegetables |x Preservation. | |
| 700 | 1 | |a Κεχαγιόγλου, Ελένη, |e edtf [Επιμελήτρια] | |
| 700 | 1 | |a Δεληβοριάς, Νίκος, |e trl [Μεταφραστής] | |
| 852 | |a INST |b SAMOS |e 20171123 |h 641.4 SAM |p 005300045047 |q 005300045047 |t BK |y 0 | ||
| 970 | |a Φιλιππή |b Φάλη |z 23-11-2017 | ||